000 01188nam a2200325 c 4500
003 BLK
005 20180420234406.0
008 180410b bul|||||r ||||||| ||bul||
010 _aKNG00164666000
020 _a978-954-742-196-7
_bиздат.: Слънце
040 _aBLK
041 _aBUL
_cBUL
072 7 _2bullib
_aН84
_xБългарска художествена литература Н
080 _aБългарска литература
_b821.163.2
_x-94
_z821.163.2-94
100 1 _aТроянска, Невяна
_eпърви автор
_9131588
139 _aТроянска, Невяна
_bТ 86
245 1 0 _aЗалезът на Варна
_cНевяна Троянска.
257 _aBGR
260 София
_bСлънце
_c2013
_fСофия : Инвестпрес
300 _a200 с.
_c20 см
380 _aX
490 1 _aПоредица Свидетелства на времето
500 _aСъдържа и за авт.
659 _aН
852 _aЦб 270634
856 4 _qpdf
_u
856 4 _qpdf
_u
942 _cKNG
_n0
944 _aCR
_c03.09.2014
_lф /
_kПенка_Димитрова
944 _aED
_c30.06.2017
_lф /
_kЛюдмила_Стоянова
999 _c157716
_d157716